00814 2200193 4500245003900000020002200039250001100061100001600072700001400088700002000102650001700122005001900139260004100158041001400199084001100213300002300224500036400247336000900611 aThe Darkest RaycSanaz NadyahText a978-602-04-4538-0 aCet. 1 aSanaz Nadya aAndhyrama aGrace Situngkir aNovel Remaja a20231013094617 aJakartabElex Media Komputindoc2017 aIndonesia a808.83 a354 hlm. :c20 cm. aDua gadis baru saja kehilangan ibunya. Afsheen diharuskan menggantikan posisi ibunya sebagai tabib istana yang meninggal secara misterius. Dia bertekad untuk mencari tahu sebab kematian orangtua satu-satunya tersebut. Sementara itu, Hara memilih membunuh ibunya untuk mendapatkan kekuatan gelap yang selama ini merasuk di dalam tubuh orang yang melahirkannya. atext